Countries with mallard ducks - Statistics

General Stats
  • This quiz has been taken 15 times
  • The average score is 54 of 72
Answer Stats
Country % Correct
Canada
100%
United States
100%
Italy
93%
Mexico
93%
Russia
93%
United Kingdom
93%
Algeria
87%
Denmark
87%
Egypt
87%
Finland
87%
France
87%
Morocco
87%
Spain
87%
Switzerland
87%
Albania
80%
Belgium
80%
Bulgaria
80%
China
80%
Iceland
80%
India
80%
Ireland
80%
Japan
80%
Luxembourg
80%
Netherlands
80%
Norway
80%
Poland
80%
Portugal
80%
Sweden
80%
Tunisia
80%
Afghanistan
73%
Armenia
73%
Austria
73%
Azerbaijan
73%
Bosnia and Herzegovina
73%
Cyprus
73%
Estonia
73%
Germany
73%
Greece
73%
Hungary
73%
Iran
73%
Kosovo
73%
Latvia
73%
Lithuania
73%
Montenegro
73%
North Korea
73%
North Macedonia
73%
Pakistan
73%
Romania
73%
Slovakia
73%
Slovenia
73%
South Korea
73%
Turkey
73%
Ukraine
73%
Croatia
67%
Georgia
67%
Iraq
67%
Israel
67%
Jordan
67%
Kazakhstan
67%
Lebanon
67%
Moldova
67%
Serbia
67%
Syria
67%
Belarus
60%
Czechia
60%
Kyrgyzstan
60%
Oman
60%
Tajikistan
60%
Turkmenistan
60%
United Arab Emirates
60%
Uzbekistan
53%
Lichtenstein
13%
No matching quizzes found
Score Distribution
Percent of People with Each Score
Percentile by Number Answered
Your Score History
You have not taken this quiz